000 00273nam a2200109Ia 4500
008 171211s9999 xx 000 0 und d
245 _aYoga Cures
245 _cTara Stiles
260 _c2012
650 _xHEALTH
856 _uhttp://down.ebook777.com/016/978-0307954855.pdf
999 _c348394
_d348394